| 000 | 00000nam##2200000za#4500 |
| 001 | 9.568290 |
| 003 | CaOODSP |
| 005 | 20240215150447 |
| 007 | cr ||||||||||| |
| 008 | 150406|2000||||xxc|||||o f|0| 0 eng|d |
| 040 | |aCaOODSP|beng |
| 043 | |an-cn--- |
| 086 | 1 |aPS83-3/89E-PDF |
| 110 | 2 |aCorrectional Service Canada. |
| 245 | 10|aUse of the residency condition with statutory release : |h[electronic resource]|ba descriptive analysis / |cby Brian A. Grant, Sara L. Johnson and Mike Muirhead. |
| 260 | |bCorrectional Service Canada |cJune 2000. |
| 300 | |a48p.|breferences, tables |
| 490 | 1 |aResearch report|v[R-89] |
| 590 | |a10-12-Supp|b2010-11-18 |
| 720 | 1 |aGrant, Brian A. |
| 720 | 1 |aJohnson, Sara L. |
| 720 | 1 |aMuirhead, Mike |
| 775 | 08|tLibération d'office avec assignation à résidence : |w(CaOODSP)9.599580 |
| 830 | #0|aResearch report (Correctional Service Canada. Research Branch)|v[R-89]|w(CaOODSP)9.506063 |
| 856 | 40|ahttp://publications.gc.ca|qPDF|s250 KB|uhttps://publications.gc.ca/collections/collection_2010/scc-csc/PS83-3-89-eng.pdf|y[R-89] |